000 00664nam a2200181Ia 4500
003 GCL
008 140319s9999 xx 000 0 ara d
040 _aGCL /
_cGCL
082 0 4 _a624
_bم م
100 1 _aمحمد رشاد الدين مصطفى حسين
245 1 0 _aالميكروكمبيوتر والهندسة المدنية /
_cمحمد رشاد الدين مصطفى حسين
260 _aبيروت :
_bدار الراتب الجامعية ،
_c1986
300 _a220 ص ؛
_c25 سم
490 _a
650 0 4 _aالهندسة المدنية
650 0 4 _aالهندسة المدنية - الحاسبات الالكترونية
942 _2ddc
_cBK
999 _c52687
_d52687